000 00781nam a2200229 a 4500
001 000035479
005 20200930074355.0
008 111101s1991 xxu 000 0 spa d
020 _a0898794633
040 _aDO-SdBNP
_bspa
_cBNPHU
082 _a808.31
_bH236
245 0 0 _aHandbook of short story writing /
_cEdited Jean M. Fredette ; introduction John Updike.
260 _aCincinnati, Ohio :
_bWriter's Digest,
_c1991.
300 _a2v. ;
_c24 cm.
500 _aLa biblioteca posee el volumen 2
700 1 2 _aFredette, Jean M.,
_eed.
_961349
700 1 2 _aDickson, Frank A.,
_d1911-
_961350
700 1 2 _aSmythe, Sandra
_961351
730 0 2 _aWriter's digest
_961352
740 1 _aWriter's digest handbook of short story writing.
910 _aValidado. Control de calidad MFF
999 _c34970
_d34970